1246 1271 1765 1344 1056 1346 1786 1070 1904 1987 1759 1249 1719 1881 1927 1940 1135 1177 1490 1786 1975 1357 1511 1475 1541 1539 1865 1033 1718 1289 1345 1818 1439 1381 1516 1476 1299 1251 1260 1224 1188 1101 1553 1636 1047 1915 1152 1874 1727 1521 1422 1734 1830 1531 1711 1892 1520 1951 1127 1343 1511 1568 1990 1255 1696 1959 1773 1838 1677 1694 1125 1285 1578 1718 1823 1880 1319 1998 1889 1025 1028 1701 1677 1404 1909 1740 1683 1679 1262 1967 1458 1418 1294 1085 1668 1767 1094 1497 1006 BCNSPRNW ULIB Ver.6.0+V

เปลี่ยนเป็นภาษาไทย

Change to English
 แสดงรายละเอียดบรรณานุกรม
  กลับหน้าหลัก

Brief Record : Get Marc (ISO 2709) : E-mail record : QR code < ปิดหน้าต่าง
LEADER : 00000nam 2200000uu 4500
001    13399111118
003     ULIB
008    110616s2547||||th 000 0 tha d
060  4 WY32.JT3^bส117ข 2547
110 1  สาขาภาคเหนือ สมาคมพยาบาลแห่งประเทศไทย
245 00 ข้อบังคับ ระเบียบ และประกาศเกี่ยวกับการปฏิบัติวิชาชีพพยาบาล^cสาขาภาคเหนือ สมาคมพยาบาลแห่งประเทศไทย
260    เชียงใหม่:^cสำนักงานคณะพยาบาลศาสตร์ มหาวิทยาลัยเชียงใหม่,2547
300    36 หน้า
650  7 วิชาชีพพยาบาล
650  7 วิชาชีพพยาบาล^xระเบียบและข้อบังคับ
945    ^p0^l0^i017880
945    ^p0^l0^i017878
945    ^p0^l0^i017876
945    ^p0^l0^i017881
945    ^p0^l0^i017879
945    ^p0^l0^i017877
995    เกษร
999 ^a ใช้งานได้ทุกระบบ
รายการนี้ยังไม่มีแท็ก
คุณยังไม่ได้ล็อกอิน คุณสามารถมีกิจกรรมร่วมกับเว็บไซต์ได้ แต่ต้องล็อกอินก่อน ::
  ล็อกอิน

รายการสื่อสารสนเทศ

ลำดับที่ ประเภท เลขเรียก/บาร์โค้ด สถานที่ สถานะ
1. วิทยาศาสตร์การแพทย์ และสุขภาพ
วิทยาศาสตร์การแพทย์ และสุขภาพ
WY32.JT3 ส117ข 2547 ฉ.3 
  Barcode: 017878
ห้องสมุดวิทยาเขตนครสวรรค์
►ส่วนจัดเก็บหนังสือเก่า นว.
บนชั้น
  ขอยืม

รายการใกล้เคียง
    หัวเรื่อง [วิชาชีพพยาบาล]

BibComment


ยังไม่เคยถูกคอมเมนท์

คอมเมนท์ทรัพยากรรายการนี้
  คอมเมนท์: ข้อบังคับ ระเบียบ..


 Copyright 2026. Bcnsprnw @Library